00445pab a2200133 454500008004000000100002200040245012600062260000900188300001300197362001200210650002500222700001700247773004700264180718b2015 xxu||||| |||| 00| 0 eng d aBanerjee, Shivaji aA longitudinal study on the interface between occupational stress and turnover intentions - an encounter of BPO employees c2015 ap.41-48. aJan-Mar aOccupational disease aGuha, Sumana aIndian Journal of Training and Development